<?xml version="1.0" encoding="UTF-8"?>
<record
    xmlns:xsi="http://www.w3.org/2001/XMLSchema-instance"
    xsi:schemaLocation="http://www.loc.gov/MARC21/slim http://www.loc.gov/standards/marcxml/schema/MARC21slim.xsd"
    xmlns="http://www.loc.gov/MARC21/slim">

  <leader>04206cam a22005654i 4500</leader>
  <controlfield tag="003">PE-LiUPU</controlfield>
  <controlfield tag="005">20250731180132.0</controlfield>
  <controlfield tag="008">150625s1993    mx a    r     001 0 spa d</controlfield>
  <datafield tag="020" ind1=" " ind2=" ">
    <subfield code="a">9706250654</subfield>
  </datafield>
  <datafield tag="035" ind1=" " ind2=" ">
    <subfield code="a">(Sirsi) i9789706250650</subfield>
  </datafield>
  <datafield tag="040" ind1=" " ind2=" ">
    <subfield code="a">PE-LiUPU</subfield>
    <subfield code="b">spa</subfield>
    <subfield code="c">PE-LiUPU</subfield>
    <subfield code="e">rda</subfield>
  </datafield>
  <datafield tag="049" ind1=" " ind2=" ">
    <subfield code="a">PRUA</subfield>
  </datafield>
  <datafield tag="082" ind1="0" ind2="4">
    <subfield code="a">512.12</subfield>
    <subfield code="b">S98</subfield>
    <subfield code="2">21</subfield>
  </datafield>
  <datafield tag="100" ind1="1" ind2=" ">
    <subfield code="a">Swokowski, Earl W.,</subfield>
    <subfield code="e">autor.</subfield>
  </datafield>
  <datafield tag="245" ind1="1" ind2="0">
    <subfield code="a">&#xC1;lgebra y Trigonometr&#xED;a con Geometr&#xED;a anal&#xED;tica /</subfield>
    <subfield code="c">Earl W. Swokowski.</subfield>
  </datafield>
  <datafield tag="250" ind1=" " ind2=" ">
    <subfield code="a">Tercera edici&#xF3;n.</subfield>
  </datafield>
  <datafield tag="264" ind1=" " ind2="1">
    <subfield code="a">M&#xE9;xico :</subfield>
    <subfield code="b">Grupo Editorial Iberoam&#xE9;ricana,</subfield>
    <subfield code="c">1993.</subfield>
  </datafield>
  <datafield tag="300" ind1=" " ind2=" ">
    <subfield code="a">835 p&#xE1;ginas :</subfield>
    <subfield code="b">ilustraciones, diagrs ;</subfield>
    <subfield code="c">24 cent&#xED;metros</subfield>
  </datafield>
  <datafield tag="336" ind1=" " ind2=" ">
    <subfield code="a">text</subfield>
    <subfield code="2">rdacontent</subfield>
  </datafield>
  <datafield tag="337" ind1=" " ind2=" ">
    <subfield code="a">unmediated</subfield>
    <subfield code="2">rdamedia</subfield>
  </datafield>
  <datafield tag="338" ind1=" " ind2=" ">
    <subfield code="a">volume</subfield>
    <subfield code="2">rdacarrier</subfield>
  </datafield>
  <datafield tag="504" ind1=" " ind2=" ">
    <subfield code="a">&#xCD;ndice : p&#xE1;ginas 829-836.</subfield>
  </datafield>
  <datafield tag="505" ind1="0" ind2=" ">
    <subfield code="a">Conceptos fundamentales -- N&#xFA;meros reales -- Exponentes y radicales -- Expresiones algebraicas -- Expresiones fraccionarias -- Ecuaciones y desigualdades -- Ecuaciones -- Problemas de aplicaci&#xF3;n -- Ecuaciones cuadr&#xE1;ticas -- N&#xFA;meros complejos -- Otros tipos de ecuaciones -- Desigualdades -- Algo m&#xE1;s sobre desigualdades -- Funciones y gr&#xE1;ficas -- Sistemas de coordenadas rectangulares -- Gr&#xE1;ficas de ecuaciones -- Rectas -- Definici&#xF3;n de funci&#xF3;n -- Gr&#xE1;ficas de funciones -- Funciones cuadr&#xE1;ticas -- Operaciones con funciones -- Funciones inversas -- Variaci&#xF3;n -- Funciones polinomiales y racionales -- Gr&#xE1;ficas de funciones polinomiales de grado mayor que 2 -- Propiedades de la divisi&#xF3;n -- Ceros de polinomios -- Ceros complejos y racionales de polinomios -- Funciones racionales -- Funciones exponenciales y logar&#xED;tmicas -- Funciones exponenciales -- La funci&#xF3;n exponencial natural -- Funciones logar&#xED;tmicas -- Propiedades de los logaritmos -- Ecuaciones exponenciales y logar&#xED;tmicas -- Funciones trigonom&#xE9;tricas -- &#xC1;ngulos -- Funciones trigonom&#xE9;tricas de &#xE1;ngulos agudos -- Aplicaciones donde intervienen tri&#xE1;ngulos rect&#xE1;ngulos -- Funciones trigonom&#xE9;tricas de un &#xE1;ngulo cualquiera -- Gr&#xE1;ficas trigonom&#xE9;tricas generalizadas -- Otras gr&#xE1;ficas trigonom&#xE9;tricas -- Movimiento arm&#xF3;nico -- Trigonometr&#xED;a anal&#xED;tica -- Verificaci&#xF3;n de las identidades trigonom&#xE9;tricas -- F&#xF3;rmulas de adici&#xF3;n y sustraci&#xF3;n -- F&#xF3;rmulas para &#xE1;ngulos m&#xFA;ltiples -- F&#xF3;rmulas de producto a suma y de suma a producto -- Funciones trigonom&#xE9;tricas inversas -- Aplicaciones de la trigonometr&#xED;a -- Ley de los senos -- Ley de los cosenos -- Forma trigonom&#xE9;trica de los n&#xFA;meros complejos -- Teorema de de moivre -- Vectores y cantidades vectoriales -- El producto escalar (o producto punto) -- Sistemas de ecuaciones y desigualdades -- Sistemas de ecuaciones -- Sistemas de ecuaciones lineales en dos variables -- Sistemas de ecuaciones lineales en m&#xE1;s de dos variables -- Fracciones parciales -- Sistemas de desigualdades -- Programaci&#xF3;n lineal -- &#xC1;lgebra de matrices -- Inversa de una matriz -- Determinantes -- Propiedades de los determinantes -- Sucesiones, series y probabilidad -- Sucesiones infinitas y notaci&#xF3;n de sumatoria -- Sucesiones aritm&#xE9;ticas -- Sucesiones geom&#xE9;tricas -- Inducci&#xF3;n matem&#xE1;tica -- Teorema del binomio -- Permutaciones -- Permutaciones distinguibles y combinaciones -- Probabilidad.</subfield>
  </datafield>
  <datafield tag="526" ind1=" " ind2=" ">
    <subfield code="a">SEG44</subfield>
  </datafield>
  <datafield tag="526" ind1=" " ind2=" ">
    <subfield code="a">SEG26</subfield>
  </datafield>
  <datafield tag="526" ind1=" " ind2=" ">
    <subfield code="a">P159</subfield>
  </datafield>
  <datafield tag="526" ind1=" " ind2=" ">
    <subfield code="a">P155</subfield>
  </datafield>
  <datafield tag="526" ind1=" " ind2=" ">
    <subfield code="a">P154</subfield>
  </datafield>
  <datafield tag="526" ind1=" " ind2=" ">
    <subfield code="a">P153</subfield>
  </datafield>
  <datafield tag="526" ind1=" " ind2=" ">
    <subfield code="a">P150</subfield>
  </datafield>
  <datafield tag="526" ind1=" " ind2=" ">
    <subfield code="a">P100</subfield>
  </datafield>
  <datafield tag="526" ind1=" " ind2=" ">
    <subfield code="a">P31</subfield>
  </datafield>
  <datafield tag="526" ind1=" " ind2=" ">
    <subfield code="a">P30</subfield>
  </datafield>
  <datafield tag="526" ind1=" " ind2=" ">
    <subfield code="a">P26</subfield>
  </datafield>
  <datafield tag="526" ind1=" " ind2=" ">
    <subfield code="a">P25</subfield>
  </datafield>
  <datafield tag="526" ind1=" " ind2=" ">
    <subfield code="a">P24</subfield>
  </datafield>
  <datafield tag="526" ind1=" " ind2=" ">
    <subfield code="a">P22</subfield>
  </datafield>
  <datafield tag="526" ind1=" " ind2=" ">
    <subfield code="a">P15</subfield>
  </datafield>
  <datafield tag="526" ind1=" " ind2=" ">
    <subfield code="a">P10</subfield>
  </datafield>
  <datafield tag="650" ind1="1" ind2="4">
    <subfield code="a">&#xC1;lgebra.</subfield>
    <subfield code="9">20</subfield>
  </datafield>
  <datafield tag="650" ind1="2" ind2="4">
    <subfield code="a">Geometr&#xED;a.</subfield>
  </datafield>
  <datafield tag="650" ind1="2" ind2="4">
    <subfield code="a">Trigonometr&#xED;a.</subfield>
  </datafield>
  <datafield tag="910" ind1=" " ind2=" ">
    <subfield code="a">gl20060322</subfield>
  </datafield>
  <datafield tag="942" ind1=" " ind2=" ">
    <subfield code="2">ddc</subfield>
    <subfield code="c">BOOK</subfield>
  </datafield>
  <datafield tag="949" ind1=" " ind2=" ">
    <subfield code="a">512.12 S98</subfield>
    <subfield code="w">DEWEY</subfield>
    <subfield code="c">1</subfield>
    <subfield code="i">56179</subfield>
    <subfield code="d">2016-9-9</subfield>
    <subfield code="e">2016-9-7</subfield>
    <subfield code="l">CCODEBUL1</subfield>
    <subfield code="m">BUL</subfield>
    <subfield code="n">1</subfield>
    <subfield code="p">25.00</subfield>
    <subfield code="r">0</subfield>
    <subfield code="s">Y</subfield>
    <subfield code="t">BOOK</subfield>
    <subfield code="u">2015-6-25</subfield>
    <subfield code="x">INGENIERIA</subfield>
    <subfield code="z">UNKNOWN</subfield>
    <subfield code="0">COMPRA</subfield>
    <subfield code="o">.STAFF. Colecci&#xF3;n Ingenier&#xED;a y Arquitectura</subfield>
  </datafield>
  <datafield tag="994" ind1=" " ind2=" ">
    <subfield code="a">C0</subfield>
    <subfield code="b">PEPRU</subfield>
  </datafield>
  <datafield tag="596" ind1=" " ind2=" ">
    <subfield code="a">1</subfield>
  </datafield>
  <datafield tag="999" ind1=" " ind2=" ">
    <subfield code="a">512.12 S98</subfield>
    <subfield code="w">DEWEY</subfield>
    <subfield code="c">45428</subfield>
    <subfield code="i">56179</subfield>
    <subfield code="d">45428</subfield>
    <subfield code="e">2016-9-7</subfield>
    <subfield code="f">2021-11-9</subfield>
    <subfield code="g">7</subfield>
    <subfield code="l">CCODEBUL1</subfield>
    <subfield code="m">BUL</subfield>
    <subfield code="n">1</subfield>
    <subfield code="p">25.00</subfield>
    <subfield code="q">1</subfield>
    <subfield code="r">0</subfield>
    <subfield code="s">Y</subfield>
    <subfield code="t">BOOK</subfield>
    <subfield code="u">2015-6-25</subfield>
    <subfield code="x">INGENIERIA</subfield>
    <subfield code="P">P25</subfield>
    <subfield code="0">COMPRA</subfield>
    <subfield code="o">.STAFF. Colecci&#xF3;n Ingenier&#xED;a y Arquitectura</subfield>
  </datafield>
  <datafield tag="980" ind1=" " ind2=" ">
    <subfield code="8">1</subfield>
    <subfield code="g">ALBERTO SANCHEZ Responsable de Automatizaci&#xF3;n</subfield>
  </datafield>
  <datafield tag="952" ind1=" " ind2=" ">
    <subfield code="r">2025-12-02 00:00:00</subfield>
    <subfield code="i">8</subfield>
    <subfield code="l">3</subfield>
    <subfield code="o">512.12 S98</subfield>
    <subfield code="p">56179</subfield>
    <subfield code="s">2025-06-16</subfield>
    <subfield code="t">e1</subfield>
    <subfield code="v">30.00</subfield>
    <subfield code="w">2015-06-25</subfield>
    <subfield code="x">FACIHED</subfield>
    <subfield code="y">BK</subfield>
    <subfield code="z">inventario-2023-12-13</subfield>
    <subfield code="1">0</subfield>
    <subfield code="2">ddc</subfield>
    <subfield code="5">0</subfield>
    <subfield code="7">0</subfield>
    <subfield code="8">GEN</subfield>
    <subfield code="f">P15</subfield>
    <subfield code="a">BUL</subfield>
    <subfield code="b">BUL</subfield>
    <subfield code="c">GEN</subfield>
    <subfield code="d">2015-06-25</subfield>
    <subfield code="e">COMPRA</subfield>
    <subfield code="g">25.00</subfield>
  </datafield>
</record>
